| 000 | 00815nam a2200289 a 4500 | ||
|---|---|---|---|
| 003 | AR-BaBNM | ||
| 005 | 20251128203937.0 | ||
| 008 | 082120s2002 ||||||||||||||000 | spa|| | ||
| 020 | _a84-7046-091-6 | ||
| 040 | _cAR-BaBNM | ||
| 100 | 1 | _aMéndez Vives, Enrique | |
| 245 | 0 | 0 | _aLos progresos del poder personal y el fin de la República Romana |
| 260 |
_aMadrid _bCincel-Kapelusz _c1979 |
||
| 300 | _a70 p. | ||
| 490 | 0 |
_aCuadernos de estudio. Historia universal _vv. 8 |
|
| 650 | 4 | _aHISTORIA ANTIGUA | |
| 650 | 4 | _aCIVILIZACIONES ANTIGUAS | |
| 650 | 4 | _aDESARROLLO ECONOMICO Y SOCIAL | |
| 650 | 4 | _aDERECHO ANTIGUO | |
| 650 | 4 | _aPARTIDOS POLITICOS | |
| 650 | 4 | _aGUERRA CIVIL | |
| 650 | 4 | _aGUERRA | |
| 650 | 4 | _aANTIGUEDAD | |
| 800 | 1 |
_aTraversoni, Alfredo _edirector |
|
| 942 | _cBK | ||
| 998 | _cEthel | ||
| 999 |
_c5561 _d5561 |
||